Vplyv zavedenia eura na slovenskú ekonomiku

Salvato in:
Dettagli Bibliografici
Autore principale: Hontyová, Kajetána
Natura: Capitolo di libro
Lingua:slovacco
Tags: Aggiungi Tag
Nessun Tag, puoi essere il primo ad aggiungerne!!

MARC

LEADER 00000nla$a2200000$$$4500
001 0112413
005 20240502072240.3
041 0 |a slo 
044 |a SK 
245 1 0 |a Vplyv zavedenia eura na slovenskú ekonomiku  |c Kajetana Hontyová 
100 1 |a Hontyová, Kajetána